| 000 | 00738nam a2200193Ia 4500 | ||
|---|---|---|---|
| 003 | LDD | ||
| 008 | 190117s9999 xx 000 0 und d | ||
| 020 |
_a9788179756874 _c₹700 |
||
| 040 | _cLDD | ||
| 041 | _ahi | ||
| 082 | _a320.954 मा7606ध | ||
| 100 | _aमाहेश्वरी, अरुण | ||
| 245 | 0 |
_aधर्म संस्कृति और राजनीति _cअरुण माहेश्वरी |
|
| 260 |
_aनई दिल्ली _bअनामिका पब्लिशर्स _c2015 |
||
| 300 | _a273p. | ||
| 901 | _aAAKAR | ||
| 904 | _aReqst by : जितेन्द्र कुमार श्रीवास | ||
| 942 |
_2ddc _cH |
||
| 999 |
_c166230 _d166230 |
||